| 000 | 00687nam a2200217 a 4500 | ||
|---|---|---|---|
| 005 | 20230310063528.0 | ||
| 008 | 160309s1998 mx r 000 0 spa d | ||
| 020 | _a9686454853 | ||
| 035 | _aUPN01000208882 | ||
| 049 | _aF | ||
| 050 | 4 |
_aPQ7298.32 I4.42 _bB5.2 |
|
| 100 | 1 |
_aVillarreal Alvarez Tostado, José Javier, _d1959- _935321 |
|
| 245 | 1 | 0 |
_aBíblica / _cJosé Javier Villarreal. |
| 260 |
_aMéxico : _bEdiciones Sin Nombre : _bJuan Pablos : _bUniversidad Autónoma de Nuevo León, _c1998. |
||
| 300 | _a47 p. | ||
| 440 | 0 |
_aPoesía. _pCuadernos de la salamandra |
|
| 650 | 4 |
_aPoesía mexicana _ySiglo XX _91285 |
|
| 905 | _aLibro | ||
| 999 |
_c180983 _d180983 |
||